000 00300nam a22001097a 4500
082 _a604.2 BOG'E
100 _aBOGOLYUBOV, S,VOINOV, A
_979459
245 _aENGINEERING DRAWING A COURSE FOR TECHNICAL SCHOOLS OF MECHACNICAL ENGINEERING
260 _aMOSCOW
_bMIR
_c1968
300 _a348P
942 _cBK
999 _c584503
_d584503